Voyeurismus in der Kunst

Saved in:
Bibliographic Details
Main Author: Springer, Peter (Author)
Document Type: Book
Language:German
Published: Berlin : Reimer , 2008
Subjects:
Online Access:Inhaltsverzeichnis
Related Items:Rezensiert in: [Rezension von: Peter Springer, Voyeurismus in der Kunst]
Rezensiert in: [Rezension]
Author Notes:Peter Springer
LEADER 03630cam a2200817 c 4500
001 1611034027
003 DE-627
005 20260610210304.0
007 tu
008 080205s2008 gw ||||| 00| ||ger c
015 |a 08,N03,1696  |2 dnb 
015 |a 08,N03,1696  |2 dnb 
016 7 |a 986863025  |2 DE-101 
020 |a 3496013907  |q Gb. : ca. sfr 83.00 (freier Pr.), ca. EUR 49.00  |9 3-496-01390-7 
020 |a 9783496013907  |q Gb. : ca. sfr 83.00 (freier Pr.), ca. EUR 49.00  |9 978-3-496-01390-7 
024 3 |a 9783496013907 
035 |a (DE-627)1611034027 
035 |a (DE-603)20669931X 
035 |a (DE-576)276913280 
035 |a (DE-599)DNB986863025 
035 |a (OCoLC)723820718 
035 |a (OCoLC)723820718 
035 |a (OCoLC)276713106 
035 |a (OCoLC)254068770 
040 |a DE-627  |b ger  |c DE-627  |e rakwb 
041 |a ger 
044 |c XA-DE-BE 
050 0 |a NX650.V69 
082 0 |a 701.03 
082 0 |a 700  |q BSZ 
082 0 4 |a 700 
084 |a 9,10  |a 9,11  |2 ssgn 
084 |a 9,10  |2 ssgn 
084 |a LH 84140  |2 rvk  |0 (DE-625)rvk/95283: 
084 |a LH 61100  |2 rvk  |0 (DE-625)rvk/94210: 
084 |a 20.07  |2 bkl 
090 |a a 
100 1 |a Springer, Peter  |d 1944-2015  |0 (DE-588)129976776  |0 (DE-627)485302853  |0 (DE-576)297931288  |4 aut 
245 1 0 |a Voyeurismus in der Kunst  |c Peter Springer 
264 1 |a Berlin  |b Reimer  |c 2008 
300 |a 480 S.  |b zahlr. Ill.  |c 270 mm x 210 mm 
336 |a Text  |b txt  |2 rdacontent 
337 |a ohne Hilfsmittel zu benutzen  |b n  |2 rdamedia 
338 |a Band  |b nc  |2 rdacarrier 
500 |a Literaturverz. S. [449] - 468 
505 8 |a Literaturverz. S. [449] - 468 
583 1 |a Archivierung/Langzeitarchivierung gewährleistet  |f SSG  |x XA-DE-BW  |2 pdager  |5 DE-16 
648 7 |a Geschichte  |2 gnd 
650 0 |a Voyeurism in art 
650 0 7 |0 (DE-588)4241047-2  |0 (DE-627)104859717  |0 (DE-576)210434775  |a Voyeurismus  |2 gnd 
650 0 7 |0 (DE-588)4125321-8  |0 (DE-627)105741108  |0 (DE-576)20957562X  |a Kunstbetrachtung  |2 gnd 
689 0 0 |d s  |0 (DE-588)4317728-1  |0 (DE-627)126928428  |0 (DE-576)211195731  |a Voyeurismus  |g Motiv  |2 gnd 
689 0 1 |d s  |0 (DE-588)4114333-4  |0 (DE-627)105822957  |0 (DE-576)209483733  |a Kunst  |2 gnd 
689 0 2 |a z  |2 gnd  |a Geschichte 
689 0 |5 DE-101 
787 0 8 |i Rezensiert in  |a Borchardt, Stefan, 1966 -   |t [Rezension von: Peter Springer, Voyeurismus in der Kunst]  |d Regensburg : Schnell und Steiner, 2009  |w (DE-627)1561036730  |w (DE-576)491036736 
787 0 8 |i Rezensiert in  |t [Rezension]  |d 2009  |w (DE-627)1752566963 
856 4 2 |u http://www.gbv.de/dms/weimar/toc/556320808_toc.pdf  |m V:DE-601  |m B:DE-Wim2  |q pdf/application  |x Verlag  |y Inhaltsverzeichnis  |3 Inhaltsverzeichnis  |7 1 
889 |w (DE-627)556320808 
935 |i mdedup 
935 |i sf 
936 r v |a LH 84140  |b Akt  |k Kunstgeschichte  |k Allgemeines. Allgemeine Kunstgeschichte  |k Kunstgeschichte einzelner Gattungen der Kunst  |k Ikonographie, Ikonologie  |k Weltliche Ikonographie  |k Der Mensch  |k Akt  |0 (DE-627)1270652877  |0 (DE-625)rvk/95283:  |0 (DE-576)200652877 
936 r v |a LH 61100  |b Beziehungen der Kunst zu anderen Gebieten (z.B. Kunst und Religion, Kunst und Moral)  |k Kunstgeschichte  |k Allgemeines. Allgemeine Kunstgeschichte  |k Theorie und Praxis der Bildenden Kunst  |k Theorie der Bildenden Kunst  |k Beziehungen der Kunst zu anderen Gebieten (z.B. Kunst und Religion, Kunst und Moral)  |0 (DE-627)1270641689  |0 (DE-625)rvk/94210:  |0 (DE-576)200641689 
936 b k |a 20.07  |j Kunstkritik  |j Kunstinterpretation  |0 (DE-627)106406280 
936 s n |a l300  |2 mzub 
951 |a BO 
990 |a Voyeurismus 
990 |a Kunst 
990 |a Geschichte 
991 |a Rezensiertes Werk 
999 |a KXP-PPN1611034027  |e 4157555910